000 01014nas a2200253 a 4500
001 000045908
003 DLC
005 20240903101731.0
008 150526c19809999dr tr1pddd z0 z0spa d
040 _aDO-SdBNP
_bspa
_cBNPHU
_erda
043 _anwdr
245 0 0 _aScriptura :
_brevista del departamento de letras.
260 _aSanto Domingo :
_bDepartamento de letras de la facultad de humanidades de la UASD.,
_c1980
_fTalleres de la UASD
300 _av. :
_bil. ;
_c28 cm.
310 _aCuatrimestral
362 1 _aInicia con: año.1:no.1(octubre, 1980).
500 _aCatalogación basada en: año.1:no.1(octubre, 1980).
500 _aEditor: Enrique Eusebio, 1980.
650 0 4 _aLiteratura
_vPUBLICACIONES PERIÓDICAS
_zRepública Dominicana
_958834
651 4 _aRepública Dominicana
_vREVISTA LITERARIA
_973976
700 1 _aEusebio, Enrique
_eed.
_927213
710 2 _aDepartamento de Letras de la Facultad de Humanidades de la Universidad Autónoma de Santo Domingo.
_eed.
_973977
942 _2ddc
_cISSUE
999 _c45397
_d45397